02921nam a2200469 i 4500001001000000003000900010005001700019007000300036008004100039020001500080020001800095040003000113041000800143082002000151245016600171264003900337300002800376336002700404337003300431338002800464500007400492505092400566650003701490650006401527650006301591700004001654700004601694700005801740700004901798700004901847700004601896700004001942700003801982700004002020700005702060700004702117700005102164710007902215942001402294952013002308999001302438000000819DO-SdBNP20260312121332.0ta090522s2001 dr 000 0 spa d a9993442054 a9789993442059 aDO-SdBNPbspacBNPHUerda aspa 4a305.8bE59s22200aEnsayos sobre la descriminación /cAlain Touraine ...[et al] ; coordinador de ediciones y prólogo, Diógenes Céspedes ; edición, Andrés Blanco Díaz. 4aSanto Domingo :bFerilibro,c2001. a162 páginas ;c24 cm. atextobtxt2rdacontent asin mediaciónbn2rdamedia avolumenbnc2rdacarrier aIncluye referencias bibliográficas y notas al pie de las páginas.0 aPresentación -- Carlos Esteban Deive/ Presidente de la comisión permanente de la feria del libro -- Un prólogo necesario. Receta para no ser racista / Diógenes Céspedes. Director de ediciones de la comisión permanente de la feria del libro -- Iguales y diferentes / Alain Touraine -- Respetar la diversidad cultural: no a la discriminación / Luisiana Martínez -- Racismo, folklore e identidad en Dominicana / Dagoberto Tejeda Ortíz -- El escritor afrohispano y el proceso creativo / Blas R. Jiménez Abreu -- La descriminación contra las personas con discapacidad / Guillermo Díaz Bidó y Angel Darío Pujols -- Cómo enfrentar el futuro desde el feminismo / Lidia Falcón -- Aportes de las personas viejas al ámbito familiar y comunitario / Margot Tapia -- El preludio racial desde la religión / Marcos Villaman -- Identidad y racismo en la República Dominicana / Carlos Esteban Deive. 0aDiscriminación2LIBRUNAM92856 4aDiscriminación racial xEnsayos, conferencias, etc.92280 4aDiscriminación sexualxEnsayos, conferencias, etc.928581 aTouraine, Alain,eautor4aut.928591 aMartínez, Lusitania,eautor4aut.928601 aTejeda Ortíz, Dagoberto, d1940-eautor4aut.915751 aJiménez Abreu, Blas R.,eautor4aut.928611 aDíaz Bidó, Guillermo,eautor4aut.928071 aPujols, Angel Darío,eautor4aut.928621 aFalcón, Lidia,eautor4aut.928631 aTapia, Margot,eautor4aut.928641 aVillaman, Marcos,eautor4aut.97601 aDeive, Carlos Esteban,d1935-2019eautor4aut.919161 aBlanco Díaz, Andrés,eeditor4ed.91721 aCéspedes, Diógenes,d1941-epról.9205482 aComisión Permanente de la Feria del Libro (República Dominicana)91237 2ddccLBS1 00102ddc51708PDaBNPHUbBNPHUcHDd2009-08-26l0oBNPHU PD 305.8 E59sp819-20r2020-06-25w2020-06-25yLBS1ZNo se presta c815d815